000 00880nam a22002297a 4500
005 20240530110918.0
008 220221s2008 ua a g b 000 0 ara d
020 _a9789953821870
040 _aEG-CaGPL
_cEG-CaGPL
082 0 4 _221
_a330.973/
_bف م
100 0 1 _aفنسان الغريب
245 1 0 _aمازق الامبراطورية الامريكية /
_cفنسان الغريب
250 _aط.1
260 _aبيروت :
_bمركز دراسات الوحدة العربية،
_c2008
300 _a415 ص؛
_c24 سم
650 0 7 _aالنظام العالمى الجديد
_2qrmak
650 0 7 _aالشرق الاوسط
_2qrmak
650 0 7 _aالسياسة الخارجية
_2qrmak
_zالولايات المتحدة الامريكية
651 0 7 _2qrmak
_aالولايات المتحدة الامريكية
942 _2ddc
_cBK
999 _c66427
_d66427